La Probation et les mesures analogues / (Record no. 72533)
[ view plain ]
| 000 -LEADER | |
|---|---|
| fixed length control field | 00846nam a2200265 i 4500 |
| 003 - CONTROL NUMBER IDENTIFIER | |
| control field | EG-GICUC |
| 005 - DATE AND TIME OF LATEST TRANSACTION | |
| control field | 20260421121643.0 |
| 008 - FIXED-LENGTH DATA ELEMENTS--GENERAL INFORMATION | |
| fixed length control field | 260421s1953 fre||||fr|||| 00| 0 fre d |
| 040 ## - CATALOGING SOURCE | |
| Original cataloging agency | EG-GiCUC |
| Language of cataloging | fre |
| Transcribing agency | EG-GiCUC |
| Modifying agency | EG-GiCUC |
| Description conventions | Rda |
| 082 04 - DEWEY DECIMAL CLASSIFICATION NUMBER | |
| Edition number | 21 |
| Classification number | 343 |
| Item number | PR. |
| 092 04 - LOCALLY ASSIGNED DEWEY CALL NUMBER (OCLC) | |
| Edition number | 21 |
| 099 ## - LOCAL FREE-TEXT CALL NUMBER (OCLC) | |
| Classification number | Law1 10 343 PR 1953 |
| 245 03 - TITLE STATEMENT | |
| Title | La Probation et les mesures analogues / |
| 264 ## - PRODUCTION, PUBLICATION, DISTRIBUTION, MANUFACTURE, AND COPYRIGHT NOTICE | |
| Place of production, publication, distribution, manufacture | France : |
| Name of producer, publisher, distributor, manufacturer | Administrative Printing, |
| Date of production, publication, distribution, manufacture, or copyright notice | 1953. |
| 300 ## - PHYSICAL DESCRIPTION | |
| Extent | 437 page : |
| Dimensions | 24 cm. |
| 336 ## - CONTENT TYPE | |
| Source | rda contenu |
| Content type term | texte |
| 337 ## - MEDIA TYPE | |
| Source | rda medias |
| Media type term | Ordinateur |
| 338 ## - CARRIER TYPE | |
| Source | transporteur rda |
| Carrier type term | Ressource en ligne |
| 504 ## - BIBLIOGRAPHY, ETC. NOTE | |
| Bibliography, etc. note | Comprend des références bibliographiques et un index. |
| 650 1# - SUBJECT ADDED ENTRY--TOPICAL TERM | |
| Topical term or geographic name entry element | Sciences Criminelles |
| Source of heading or term | qrmak |
| 651 1# - SUBJECT ADDED ENTRY--GEOGRAPHIC NAME | |
| Source of heading or term | qrmak |
| 856 40 - ELECTRONIC LOCATION AND ACCESS | |
| Uniform Resource Identifier | <a href="https://fll.law.cu.edu.eg/fulltext/bks/B10-10067.pdf">https://fll.law.cu.edu.eg/fulltext/bks/B10-10067.pdf</a> |
| 905 ## - Cataloger and Reviser Names | |
| Cataloger Name: | Marihan Saeed |
| Revisor Name: | Eman |
| 942 ## - ADDED ENTRY ELEMENTS (KOHA) | |
| Source of classification or shelving scheme | Dewey Decimal Classification |
| Koha item type | Books |
| Edition | 21 |
| Suppress in OPAC | No |
| Withdrawn status | Lost status | Source of classification or shelving scheme | Damaged status | Not for loan | Collection | Home library | Current library | Date acquired | Total checkouts | Full call number | Barcode | Date last seen | Price effective from | Koha item type |
|---|---|---|---|---|---|---|---|---|---|---|---|---|---|---|
| Dewey Decimal Classification | Damaged | Not for loan | القانون الجنائي | جــــامعة القــاهرة | مكتبة كلية الحقوق - المبنى الرئيسي | 21.04.2026 | Law1 10 343 PR. 1953 1010067 C1 | B10-10067 | 21.04.2026 | 21.04.2026 | Books | |||
| Dewey Decimal Classification | Damaged | القانون الجنائي | جــــامعة القــاهرة | مكتبة كلية الحقوق - المبنى الرئيسي | 21.04.2026 | Law1 10 343 PR 1953 1010065 C2 | B10-10065 | 21.04.2026 | 21.04.2026 | Books | ||||
| Dewey Decimal Classification | Damaged | القانون الجنائي | جــــامعة القــاهرة | مكتبة كلية الحقوق - المبنى الرئيسي | 21.04.2026 | Law1 10 343 PR 1953 1010064 C3 | B10-10064 | 21.04.2026 | 21.04.2026 | Books | ||||
| Dewey Decimal Classification | Damaged | القانون الجنائي | جــــامعة القــاهرة | مكتبة كلية الحقوق - المبنى الرئيسي | 21.04.2026 | Law1 10 343 PR 1953 1010063 C4 | B10-10063 | 21.04.2026 | 21.04.2026 | Books |